BUBT Library Online Catalog

Essentials of Investments / (Record no. 1072)

000 -LEADER
fixed length control field 00677nam a2200229Ia 4500
003 - CONTROL NUMBER IDENTIFIER
control field BUBTL
008 - FIXED-LENGTH DATA ELEMENTS--GENERAL INFORMATION
fixed length control field 151213s9999 xx 000 0 und d
020 ## - INTERNATIONAL STANDARD BOOK NUMBER
International Standard Book Number 0072318597
082 ## - DEWEY DECIMAL CLASSIFICATION NUMBER
Classification number 332.632/ B6323e/ 2001
100 ## - MAIN ENTRY--PERSONAL NAME
Personal name Bodie, Zvi
9 (RLIN) 3320
245 ## - TITLE STATEMENT
Title Essentials of Investments /
Statement of responsibility, etc. Zvi Bodie, Alex Kane and Alan J. Marcus
250 ## - EDITION STATEMENT
Edition statement 4th
260 ## - PUBLICATION, DISTRIBUTION, ETC. (IMPRINT)
Place of publication, distribution, etc. Boston
Name of publisher, distributor, etc. McGraw hill
Date of publication, distribution, etc. c2001
300 ## - PHYSICAL DESCRIPTION
Extent [xxx], 688p . :
Other physical details ill. Table ; 25cm .
500 ## - GENERAL NOTE
General note Includes Index
650 ## - SUBJECT ADDED ENTRY--TOPICAL TERM
Topical term or geographic name as entry element Finance
9 (RLIN) 3321
650 ## - SUBJECT ADDED ENTRY--TOPICAL TERM
Topical term or geographic name as entry element Finance
9 (RLIN) 3321
700 ## - ADDED ENTRY--PERSONAL NAME
Personal name Zvi Bodie, Alex Kane and Alan J. Marcus
9 (RLIN) 3320
856 ## - ELECTRONIC LOCATION AND ACCESS
Password 0
Logon 0
Link text Download
942 ## - ADDED ENTRY ELEMENTS (KOHA)
Source of classification or shelving scheme
Koha item type Books
Holdings
Withdrawn status Lost status Source of classification or shelving scheme Damaged status Not for loan Collection code Permanent location Current location Shelving location Date acquired Inventory number Total Checkouts Full call number Barcode Date last seen Copy number Price effective from Koha item type
        Not For Loan Non-fiction Bangladesh University of Business and Technology Library Bangladesh University of Business and Technology Library Finance Stacks 08/09/2020 1130   332.632/BOE BUBTL-20031130 08/09/2020 C-1 08/09/2020 Books

More Information About Library

Library Hours

  • Open: 9.00 am. to 9.00 pm.
  • Only Sunday: 9.00 am. to 6.00 pm.
  • Closed: Holiday

Contact to the University

Bangladesh University of Business and Technology Library

  • Mirpurl-2, 1216.
  • Phone:
  • Fax:
  • E-Mail: admin.library@bubt.edu.bd

Contact to the Library

Contact Person:

Md. Abdul Hakim Shah
Joint Librarian
PABX No:  113
Cell No: 01816332931
E-mail: official: admin.library@bubt.edu.bd
Personal: hakim.shah@bubt.edu.bd


BUBT Library

Copyright © 2021